000 00637nam a2200205Ii 4500
001 2644
003 CO-ViMGA
008 241108s9999||||xx |||||||||||||| ||und||
040 _aCO-ViMGA
_bspa
_erda
_cCO-ViMGA
041 0 _aspa
082 0 4 _aFA 928.6 - C17g
100 1 _aFrancisco Javier Caro
_946978
245 1 0 _aFrancisco Javier Caro:
_bTronco hispano de los caros en Colombia
264 1 _aBogotá, Colombia : Instituto Caro y Cuervo, 1997
300 _avolumen
336 _atext
_btxt
_2rdacontent
337 _aunmediated
_bn
_2rdamedia
338 _avolume
_bnc
_2rdacarrier
940 _aidficha_siabuc: 2586. -- ficha_no_siabuc:2644
999 _c41557
_d41557